Curriculum Development in Nursing Education (Record no. 9934)
[ view plain ]
| 000 -LEADER | |
|---|---|
| fixed length control field | 00404nam a22001337a 4500 |
| 008 - FIXED-LENGTH DATA ELEMENTS--GENERAL INFORMATION | |
| fixed length control field | 240731b |||||||| |||| 00| 0 eng d |
| 020 ## - INTERNATIONAL STANDARD BOOK NUMBER | |
| International Standard Book Number | 9781284143584 |
| 082 ## - DEWEY DECIMAL CLASSIFICATION NUMBER | |
| Edition number | 4th |
| Classification number | 610.73 IWA |
| 100 ## - MAIN ENTRY--PERSONAL NAME | |
| Personal name | Iwasiw, Carroll L. |
| 245 ## - TITLE STATEMENT | |
| Title | Curriculum Development in Nursing Education |
| 260 ## - PUBLICATION, DISTRIBUTION, ETC. | |
| Place of publication, distribution, etc. | Jones & Bartlett Learning |
| Name of publisher, distributor, etc. | Jones & Bartlett Learning |
| Date of publication, distribution, etc. | 2020 |
| 300 ## - PHYSICAL DESCRIPTION | |
| Extent | xiii, 491p. |
| Dimensions | 18cm. |
| 942 ## - Added entry Elements (Koha) | |
| Source of classification or shelving scheme | Dewey Decimal Classification |
| Edition | 3rd & 4th |
| Withdrawn status | Lost status | Source of classification or shelving scheme | Damaged status | Not for loan | Collection code | Home library | Current library | Shelving location | Date acquired | Serial Enumeration / chronology | Total Checkouts | Total Renewals | Full call number | Barcode | Date last seen | Date last checked out | Price effective from | Koha item type |
|---|---|---|---|---|---|---|---|---|---|---|---|---|---|---|---|---|---|---|
| Dewey Decimal Classification | Main TEST | RTC Library | RTC Library | Main opac | 31/07/2024 | 18397 | 1 | 2 | 610.73 IWA C.1 | 30019432 | 29/10/2025 | 30/09/2025 | 31/07/2024 | Main | ||||
| Dewey Decimal Classification | Main TEST | RTC Library | RTC Library | Main opac | 31/07/2024 | 18398 | 1 | 610.73 IWA C.2 | 30019409 | 14/10/2025 | 30/09/2025 | 31/07/2024 | Main | |||||
| Dewey Decimal Classification | Main TEST | RTC Library | RTC Library | Main opac | 31/07/2024 | 18396 | 1 | 1 | 610.73 IWA C.3 | 30019693 | 10/10/2025 | 30/09/2025 | 31/07/2024 | Main |